[Event "Ricany op-A"]
[Site "Ricany"]
[Date "2017.08.27"]
[Round "3"]
[White "Vojta, Jakub"]
[Black "Jirousek, Tadeas"]
[Result "1-0"]
[WhiteElo "1930"]
[BlackElo "1584"]
[PlyCount "89"]
[EventDate "2017.08.26"]
[EventType "swiss"]
[EventRounds "9"]
[EventCountry "CZE"]
[SourceTitle "CBM 180 Extra"]
[Source "ChessBase"]
[SourceDate "2017.10.06"]
[SourceVersion "1"]
[SourceVersionDate "2017.10.06"]
[SourceQuality "1"]

1. e4 c5 2. Nf3 e6 3. d4 cxd4 4. Nxd4 Nc6 5. c4 a6 6. Nc3 Qc7 7. Be3 Nf6 8. Be2 Bd6 9. Qd2 Bb4 10. f3 b6 11. a3 Bxc3 12. Qxc3 Bb7 13. 0-0 0-0 14. Rfd1 Rac8 15. Rac1 Rfd8 16. Bg5 Nxd4 17. Qxd4 Qc5 18. e5 h6 19. Bxf6 Qxd4+ 20. Rxd4 gxf6 21. exf6 Rc5 22. Rcd1 Bc6 23. Rh4 h5 24. g4 hxg4 25. Rd4 Rg5 26. Rhxg4 Rxg4+ 27. fxg4 b5 28. c5 Kh7 29. Bd3+ Kh6 30. h4 Rg8 31. g5+ Kh5 32. Be4 Rc8 33. Bxc6 Rxc6 34. b4 Rc7 35. Kf2 a5 36. Kf3 axb4 37. axb4 Ra7 38. Rf4 Ra4 39. Rd4 Ra7 40. Ke3 Ra3+ 41. Ke4 Kxh4 42. g6 fxg6 43. f7 Ra8 44. Rxd7 Kg5 45. c6 1-0

[Event "Ricany op"]
[Site "Ricany"]
[Date "2016.08.30"]
[Round "5"]
[White "Sadil, Jan"]
[Black "Jirousek, Tadeas"]
[Result "1/2-1/2"]
[WhiteElo "1798"]
[BlackElo "1577"]
[PlyCount "62"]
[EventDate "2016.08.27"]
[EventType "swiss"]
[EventRounds "9"]
[EventCountry "CZE"]
[SourceTitle "CBM 174 Extra"]
[Source "ChessBase"]
[SourceDate "2016.10.10"]
[SourceVersion "1"]
[SourceVersionDate "2016.10.10"]
[SourceQuality "1"]

1. d4 e6 2. c4 d5 3. cxd5 exd5 4. Nc3 f5 5. Nf3 Nf6 6. Bg5 c6 7. e3 Bd6 8. Bd3 0-0 9. Qc2 Qd7 10. 0-0 Ne4 11. Rab1 Nxg5 12. Nxg5 Qe8 13. Nf3 Rf6 14. b4 Rh6 15. h3 Qg6 16. Kh1 Qh5 17. Ne2 Nd7 18. b5 cxb5 19. Bxf5 Nb6 20. Bxc8 Rxc8 21. Qb3 Rf8 22. Ng3 Bxg3 23. fxg3 a6 24. Qb4 Rhf6 25. Kg1 Qg6 26. g4 Qe4 27. Rbe1 Nc4 28. Qc3 Rc6 29. Qb3 Rcf6 30. Qc3 Rc6 31. Qb3 Rcf6 1/2-1/2

[Event "CZE-chT U18 Extraliga final-B 1516"]
[Site "Czech Republic"]
[Date "2016.04.24"]
[Round "11.5"]
[White "Jirousek, Tadeas"]
[Black "Sebesta, Jan2222"]
[Result "0-1"]
[WhiteElo "1583"]
[BlackElo "1472"]
[PlyCount "80"]
[EventDate "2015.10.03"]
[EventType "team-tourn"]
[EventRounds "11"]
[EventCountry "CZE"]
[SourceTitle "EXT 2022"]
[Source "ChessBase"]
[SourceDate "2021.10.06"]
[SourceVersion "1"]
[SourceVersionDate "2021.10.06"]
[SourceQuality "1"]
[WhiteTeam "Ricany U18"]
[BlackTeam "Orlova Slavia U18 II"]
[WhiteTeamCountry "CZE"]
[BlackTeamCountry "CZE"]

1. d4 Nf6 2. c4 g6 3. Nc3 d5 4. cxd5 Nxd5 5. e4 Nxc3 6. bxc3 Bg7 7. Nf3 0-0 8. Bc4 c5 9. h3 Nc6 10. Be3 Qa5 11. Rc1 cxd4 12. Nxd4 Nxd4 13. Bxd4 Rd8 14. Qf3 Bxd4 15. Qxf7+ Kh8 16. 0-0 Bf6 17. f4 Bd7 18. Rfd1 Rf8 19. Qd5 Qxd5 20. Bxd5 Bc6 21. Bxc6 bxc6 22. g3 Rfd8 23. e5 Bg7 24. Kf2 e6 25. c4 Bf8 26. Rb1 Bc5+ 27. Ke2 Bb6 28. Rd6 Rxd6 29. exd6 Rd8 30. Rd1 Bc5 31. d7 Kg7 32. Kf3 Kf7 33. Kg4 Ke7 34. Kg5 Rxd7 35. Rxd7+ Kxd7 36. Kh6 Ke7 37. Kxh7 Kf6 38. Kh6 Bf2 39. g4 Bg3 40. Kh7 Bxf4 0-1

[Event "Mlada Boleslav Region-ch"]
[Site "Mlada Boleslav"]
[Date "2015.06.20"]
[Round "3"]
[White "Jirousek, Tadeas"]
[Black "Balek, Filip"]
[Result "1-0"]
[WhiteElo "1491"]
[BlackElo "1439"]
[PlyCount "70"]
[EventDate "2015.06.20"]
[EventType "swiss"]
[EventRounds "7"]
[EventCountry "CZE"]
[SourceTitle "EXT 2017"]
[Source "ChessBase"]
[SourceDate "2016.10.25"]
[SourceVersion "1"]
[SourceVersionDate "2016.10.25"]
[SourceQuality "1"]

1. e4 c6 2. d4 d5 3. Nc3 dxe4 4. Nxe4 Bf5 5. Ng3 Bg6 6. Nf3 Nd7 7. Bc4 e6 8. 0-0 Ngf6 9. Re1 Be7 10. Nh4 0-0 11. Nxg6 hxg6 12. Bd2 Qb6 13. Bc1 Rad8 14. c3 c5 15. Bb3 cxd4 16. cxd4 Bb4 17. Re2 Nc5 18. Bc2 Rfe8 19. a3 e5 20. axb4 Rxd4 21. Qe1 Rxb4 22. Rxe5 Rxe5 23. Qxe5 Ncd7 24. Qe1 Rc4 25. Bd3 Rc6 26. Be3 Qxb2 27. Rxa7 Ng4 28. Bf4 Qd4 29. Ra8+ Nf8 30. Qd2 Rf6 31. Be3 Qe5 32. Qb4 Rd6 33. Ne4 Qxh2+ 34. Kf1 Nxe3+ 35. fxe3 Qh1+ 1-0

[Event "Mlada Boleslav Region-ch U20"]
[Site "Mlada Boleslav"]
[Date "2014.06.22"]
[Round "7"]
[White "Jirousek, Tadeas"]
[Black "Balek, Filip"]
[Result "0-1"]
[WhiteElo "1366"]
[BlackElo "1495"]
[PlyCount "56"]
[EventDate "2014.06.21"]
[EventType "swiss"]
[EventRounds "7"]
[EventCountry "CZE"]
[SourceTitle "EXT 2016"]
[Source "ChessBase"]
[SourceDate "2015.10.08"]
[SourceVersion "1"]
[SourceVersionDate "2015.10.08"]
[SourceQuality "1"]

1. e4 c6 2. d4 d5 3. e5 Bf5 4. Nf3 e6 5. Be3 Nd7 6. Be2 c5 7. c3 c4 8. 0-0 Ne7 9. Nbd2 Nc6 10. b3 b5 11. bxc4 bxc4 12. Qa4 Qc7 13. Nh4 Nb6 14. Qd1 Bg6 15. Nxg6 hxg6 16. Bg5 f6 17. Bf4 fxe5 18. dxe5 Nxe5 19. Bg3 Bd6 20. Bg4 Qf7 21. Nf3 Nbd7 22. Qa4 Nxf3+ 23. Bxf3 Bxg3 24. fxg3 Qe7 25. Rae1 Qc5+ 26. Kh1 Ke7 27. Qc2 Rxh2+ 28. Kxh2 Rh8+ 0-1

[Event "Mlada Boleslav Region-ch U20"]
[Site "Mlada Boleslav"]
[Date "2014.06.22"]
[Round "5"]
[White "Jirousek, Tadeas"]
[Black "Hosnedl, Ondrej"]
[Result "1/2-1/2"]
[WhiteElo "1366"]
[BlackElo "1555"]
[PlyCount "50"]
[EventDate "2014.06.21"]
[EventType "swiss"]
[EventRounds "7"]
[EventCountry "CZE"]
[SourceTitle "EXT 2016"]
[Source "ChessBase"]
[SourceDate "2015.10.08"]
[SourceVersion "1"]
[SourceVersionDate "2015.10.08"]
[SourceQuality "1"]

1. e4 e5 2. Nf3 Nc6 3. Bc4 Nf6 4. Nc3 d6 5. d4 Bg4 6. d5 Nd4 7. h3 Nxf3+ 8. gxf3 Bd7 9. f4 exf4 10. Bxf4 g6 11. Be2 Bg7 12. Qd2 h6 13. 0-0-0 Qe7 14. Qe3 g5 15. Bg3 0-0 16. f4 gxf4 17. Bxf4 Kh7 18. Rdg1 Rg8 19. e5 dxe5 20. Bxe5 Rae8 21. Bd3+ Kh8 22. Rxg7 Rxg7 23. Qxh6+ Kg8 24. Bxf6 Qe3+ 25. Qxe3 Rxe3 1/2-1/2